| 000 | 00352nam a2200145 a 4500 | ||
|---|---|---|---|
| 001 | 3000 | ||
| 003 | CDMR | ||
| 005 | 20130723112624.0 | ||
| 008 | 130130s1970||||||||||||||||||||||||||||d | ||
| 040 |
_aCDMR _bcat _cCPC GIRONA |
||
| 100 | 1 |
_aSauvy, Alfred _91388 |
|
| 245 | 1 | 3 |
_aLa Opinión Pública _cSauvy, Alfred |
| 260 |
_c1970 _bOikos Tau |
||
| 942 |
_cMON _2udc |
||
| 999 |
_c3000 _d3000 |
||